Reproductive world of plants (Record no. 396046)

MARC details
000 -LEADER
fixed length control field 00512 a2200205 4500
005 - DATE & TIME
control field 20260412104830.0
008 - FIXED-LENGTH DATA ELEMENTS--GENERAL INFORMATION
fixed length control field 260410b |||||||| |||| 00| 0 eng d
020 ## - ISBN
International Standard Book Number 9789370917682
Price Rs. 2745.00
040 ## - CATALOGING SOURCE
Original cataloging agency VIVEKANANDA LIBRARY
082 ## - DDC NUMBER
Classification number 581.3
Book Number B469R
100 ## - MAIN ENTRY--PERSONAL NAME
Personal name Bhavna Singh
245 ## - TITLE STATEMENT
Title Reproductive world of plants
260 ## - PUBLICATION, DISTRIBUTION, ETC. (IMPRINT)
Name of publisher, distributor, etc Agrotech Press
Date of publication, distribution, etc 2026
Place of publication, distribution, etc New Delhi
300 ## - PHYSICAL DESCRIPTION
Pages viii, 296
650 ## - Subject
Subject Botany
650 ## - Subject
Subject Plants
650 ## - Subject
Subject Physiology
650 ## - Subject
Subject Reproduction of Plants
942 ## - ADDED ENTRY ELEMENTS (KOHA)
Koha item type Books
Holdings
Withdrawn status Lost status Source of classification or shelving scheme Damaged status Not for loan Location (home branch) Sublocation or collection (holding branch) Shelving location Date acquired Koha issues (times borrowed) Koha full call number Accession No. Koha date last seen Koha item type
    Dewey Decimal Classification     VIVEKANANDA LIBRARY VIVEKANANDA LIBRARY Vivekananda Library 03/02/2026   581.3 B469R 438025 03/02/2026 Books
© Designed and Maintained by Vivekananda Library, MDU Rohtak